Tribal well-being in Dhule and Nandurbar districts of Maharashtra: A geographical analysis (Record no. 101482)

000 -LEADER
fixed length control field 00509pab a2200181 454500
008 - FIXED-LENGTH DATA ELEMENTS--GENERAL INFORMATION
fixed length control field 180718b2013 xxu||||| |||| 00| 0 eng d
100 ## - MAIN ENTRY--PERSONAL NAME
Personal name Ramotra, K. C.
245 ## - TITLE STATEMENT
Title Tribal well-being in Dhule and Nandurbar districts of Maharashtra: A geographical analysis
260 ## - PUBLICATION, DISTRIBUTION, ETC.
Date of publication, distribution, etc. 2013
300 ## - PHYSICAL DESCRIPTION
Extent p.128-143.
650 ## - SUBJECT ADDED ENTRY--TOPICAL TERM
Topical term or geographic name entry element Tribes - India - Maharashtra
650 ## - SUBJECT ADDED ENTRY--TOPICAL TERM
Topical term or geographic name entry element Tribes
700 ## - ADDED ENTRY--PERSONAL NAME
Personal name Pawar, S.K.
700 ## - ADDED ENTRY--PERSONAL NAME
Personal name Mote, Y.S
773 ## - HOST ITEM ENTRY
Main entry heading Indian Journal of Regional Science
908 ## - PUT COMMAND PARAMETER (RLIN)
Put command parameter N
909 ## -
-- 101484
Holdings
Withdrawn status Lost status Damaged status Not for loan Permanent Location Current Location Date acquired Serial Enumeration / chronology Barcode Date last seen Price effective from Koha item type
        Indian Institute of Public Administration Indian Institute of Public Administration 2018-07-19 Volume no: 45, Issue no: 1 AR101944 2018-07-19 2018-07-19 Articles

Powered by Koha